Choolum chumbanavum: (Record no. 181944)

000 -LEADER
fixed length control field 00446nam a22001697a 4500
020 ## - INTERNATIONAL STANDARD BOOK NUMBER
ISBN 9789393969200
082 ## - DEWEY DECIMAL CLASSIFICATION NUMBER
Classification number M100 9
Item number SHO/C
100 ## - MAIN ENTRY--AUTHOR NAME
Personal name Shooba K S
245 ## - TITLE STATEMENT
Title Choolum chumbanavum:
Sub Title utharadhunika kavitha/
Statement of responsibility, etc by Shooba K S
250 ## - EDITION STATEMENT
Edition statement 4th.
260 ## - PUBLICATION, DISTRIBUTION, ETC. (IMPRINT)
Place of publication Kozhikode:
Name of publisher Pavanatma Publishers,
Year of publication 2024.
300 ## - PHYSICAL DESCRIPTION
Number of Pages 143p.
650 ## - SUBJECT ADDED ENTRY--TOPICAL TERM
Topical Term Poetry Malayalam Criticism
650 ## - SUBJECT ADDED ENTRY--TOPICAL TERM
Topical Term Literature Malayalam
650 ## - SUBJECT ADDED ENTRY--TOPICAL TERM
Topical Term Literature
942 ## - ADDED ENTRY ELEMENTS (KOHA)
Koha item type Book
Holdings
Withdrawn status Lost status Damaged status Not for loan Permanent Location Current Location Shelving location Date acquired Cost, normal purchase price Full call number Accession Number Price effective from Koha item type
        Sree Sankaracharya University of Sanskrit Sree Sankaracharya University of Sanskrit Stacks 02.06.2026 280.00 M100 9 SHO/C 109113 02.06.2026 Book